000 00526nam a2200193Ia 4500
005 20250326141729.0
008 250326s9999 xx 000 0 und d
020 _a0-02-946109-X
037 _aTextbook
040 _aFMSL
_beng
_cFMSL
041 _aeng
_2eng
084 _aX:8D M9
_qFMSL
100 _aRao R K S
_9744410
245 0 _aFundamentals of ficial management
_cRao R K S
260 _aNew York
_bNew York, MacMillan
_c1989
300 _axvi,808
942 _cTB
_hX:8D M9
999 _c1291695
_d1291695